00481nam a22001457a 450000500170000001000150001702000260003203500140005803700130007208200100008524501130009526000380020827000620024630000270030820180710162322.0 aENG-123433 a9788178245294c695.00 aEN-106965 bDBAD/PUB a820.9 aNationalism in the vernacular :ced. by Shobna Nijhawanbhindi, urdu, and the literature of indian freedom / aRanikhet bPermanent Black c2018 aHimalayana, Mall Road, Ranikhet Cantt. bRanikhete263645v axvii,517p. c21cm(pbk)